| 000 | 00367nam a22001577a 4500 | ||
|---|---|---|---|
| 005 | 20181006120121.0 | ||
| 008 | 181006b xxu||||| |||| 00| 0 eng d | ||
| 020 | _a978-81-7956-151-5 | ||
| 041 | _aeng | ||
| 100 |
_aKaku,L.C _93781 |
||
| 245 | _aMining Digest | ||
| 260 |
_aDhanbad _bLovely Prakashan _c2018 |
||
| 300 | _a2018 | ||
| 650 |
_aMining _94874 |
||
| 942 | _cBK | ||
| 999 |
_c5745 _d5743 |
||